Consonant Conundrum Quiz Stats

 Plays Quiz Updated Jan 30, 2019

Support Sporcle.
Go Orange.
Score 0/35 Timer 06:00
2 Plays Today
% Correct
XXXXXXXXXXXXXXXXXXXXXXXXXXXXXXXXXXXXXXXXXXXX
Welcome to the game! I'm your host, Sporville Globeson!
Each correctly answered question reveals a consonant on
the game board. Pass a question by typing 'pass' followed
by the question number. You can take a guess at the main
answer whenever you like and this will finish the game.
Type 'Start' to reveal the category and first question.
See How to Play at any time for a recap. Good luck!
100%
Song/Artist
93.1%
XXXXXXXXXXXXXXXXXXXXXXXXXXXXXXXXXXXXXXXXXXXX
Q1 - Which element, often used in jewelery, has
the chemical symbol Au?





93.1%
Gold
91.5%
XXXXXXXXXXXXXXXXXXXXXXXXXXXXXXXXXXXXXXXXXXXX
Q2 - The cities of Marrakesh, Tangier and Casablanca are
in which African country?





91.5%
Morocco
85%
XXXXXXXXXXXXXXXXXXXXXXXXXXXXXXXXXXXXXXXXXXXX
Q3 - Which actor starred in the films Dumb and Dumber,
Liar Liar, and The Truman Show?





85%
Carrey
83.6%
XXXXXXXXXXXXXXXXXXXXXXXXXXXXXXXXXXXXXXXXXXXX
Q4 - Which golfer, nicknamed 'The Golden Bear,' won a
record six US Masters tournaments between
1963 and 1986?




83.6%
XXXXXXXXXXXXXXXXXXXXXXXXXXXXXXXXXXXXXXXXXXXX
That's all our questions today! Now have a try at
the answer on the board!





79.5%
Alibi
77.8%
XXXXXXXXXXXXXXXXXXXXXXXXXXXXXXXXXXXXXXXXXXXX
Q9 - Ads for which snack food boast that 'Once You
Pop, You Can't Stop!'?





77.8%
Material
75.8%
XXXXXXXXXXXXXXXXXXXXXXXXXXXXXXXXXXXXXXXXXXXX
Q7 - Name either of the cities in the 1859 Charles Dickens
novel 'A Tale of Two Cities'.





75.8%
London
75.3%
XXXXXXXXXXXXXXXXXXXXXXXXXXXXXXXXXXXXXXXXXXXX
Q8 - What word of latin origin is used when someone
can prove they were elsewhere when a crime
was commited?




75.3%
Mordor
72.8%
XXXXXXXXXXXXXXXXXXXXXXXXXXXXXXXXXXXXXXXXXXXX
Q6 - According to the lyrics of her 1985 hit single,
Madonna likes 'cold, hard cash,' making her what
kind of 'Girl'?




72.8%
% Correct
Nicklaus
72.8%
XXXXXXXXXXXXXXXXXXXXXXXXXXXXXXXXXXXXXXXXXXXX
Q5 - A famous line from the movie Lord of the Rings: The
Fellowship of the Ring is that 'One does
not simply walk into...' where?




72.8%
Pringles
71.8%
XXXXXXXXXXXXXXXXXXXXXXXXXXXXXXXXXXXXXXXXXXXX
The Golden Bear was Jack Nicklaus! Never mind!
Q5 - A famous line from the movie Lord of the Rings: The
Fellowship of the Ring is that 'One does
not simply walk into...' where?



67.3%
XXXXXXXXXXXXXXXXXXXXXXXXXXXXXXXXXXXXXXXXXXXX
One does not simply walk into Mordor! Unlucky!
Try this one...
Q6 - According to the lyrics of her 1985 hit single,
Madonna likes 'cold, hard cash,' making her what
kind of 'Girl'?


64.7%
XXXXXXXXXXXXXXXXXXXXXXXXXXXXXXXXXXXXXXXXXXXX
They are in Morocco! Bad luck!
Q3 - Which actor starred in the films Dumb and Dumber,
Liar Liar, and The Truman Show?




61.1%
XXXXXXXXXXXXXXXXXXXXXXXXXXXXXXXXXXXXXXXXXXXX
They were London and Paris. Have another question!
Q8 - What word of latin origin is used when someone
can prove they were elsewhere when a crime
was commited?



60.9%
XXXXXXXXXXXXXXXXXXXXXXXXXXXXXXXXXXXXXXXXXXXX
She was a Material Girl! Let's see if this one is better...
Q7 - Name either of the cities in the 1859 Charles Dickens
novel 'A Tale of Two Cities'.




60.8%
XXXXXXXXXXXXXXXXXXXXXXXXXXXXXXXXXXXXXXXXXXXX
It was Jim Carrey! Let's try this one…
Q4 - Which golfer, nicknamed 'The Golden Bear,' won a
record six US Masters tournaments between
1963 and 1986?



60.7%
XXXXXXXXXXXXXXXXXXXXXXXXXXXXXXXXXXXXXXXXXXXX
It was gold! Never mind, try this one!
Q2 - The cities of Marrakesh, Tangier and Casablanca are
in which African country?




58.5%
XXXXXXXXXXXXXXXXXXXXXXXXXXXXXXXXXXXXXXXXXXXX
They have an 'alibi'! Last question now…
Q9 - Ads for which snack food boast that 'Once You
Pop, You Can't Stop!'?




58%
Genie in a bottle christina aguilera
55.6%
Genie in a bottle christina aguilera
55.6%
Genie in a bottle christina aguilera
55.6%
Genie in a bottle christina aguilera
55.6%
Genie in a bottle christina aguilera
55.6%
XXXXXXXXXXXXXXXXXXXXXXXXXXXXXXXXXXXXXXXXXXXX
The answer was Genie in a Bottle
by Christina Aguilera!
Thanks for playing and come back
again soon for the next game!
I've been Sporville Globeson and you’ve been
my favourite player today!
55.6%

From the Vault

NFL Top 100 Players (2013)

by JustBen

Sports 12m
How did Tim Tebow not make this list!?
Remove Ads.
Support Sporcle.
Get the best of Sporcle when you Go Orange. This ad-free experience offers more features, more stats, and more fun while also helping to support Sporcle. Thank you for becoming a member.

Show Comments

Extras

Top Quizzes Today


Score Distribution

Your Account Isn't Verified!

In order to create a playlist on Sporcle, you need to verify the email address you used during registration. Go to your Sporcle Settings to finish the process.

Report this User

Report this user for behavior that violates our Community Guidelines.

Details: